LEADER 01248cam0-22003611i-450- 001 990005101380403321 005 20111110114304.0 035 $a000510138 035 $aFED01000510138 035 $a(Aleph)000510138FED01 035 $a000510138 100 $a19990604g1942----km-y0itay50------ba 101 1 $aita$cger 102 $aIT 105 $af-------001yy 200 1 $a<>campagna di Durazzo fra Cesare e Pompeo$econ particolare riferimento alla geografia storica del teatro di guerra albanese$fG. Veith$gtradotto dal tedesco a cura dell' Ufficio Storico della R. Marina 210 $aRoma$cIstituto Poligrafico dello Stato Libreria$d1942 215 $a219 p.$c9 tav., 22 fot.$d27 cm 610 0 $aAlbania$aStoria romana 610 0 $aDurazzo$aGuerra 610 0 $aRoma antica$aStoria 610 0 $aCesare, Caio Giulio 676 $a937.05 700 1$aVeith,$bGiorgio$0396682 712 02$aItalia.$bUfficio storico della marina militare 801 0$aIT$bUNINA$gRICA$2UNIMARC 901 $aBK 912 $a990005101380403321 952 $a937.05 VEI 1$bBibl. 26.302$fFLFBC 952 $a937.05 VEI 1 BIS$bARCH. 13361$fFLFBC 959 $aFLFBC 996 $aCampagna di Durazzo fra Cesare e Pompeo$9534894 997 $aUNINA LEADER 01113nam--2200397---450- 001 990000864210203316 005 20050218133659.0 010 $a88-414-3002-8 035 $a0086421 035 $aUSA010086421 035 $a(ALEPH)000086421USA01 035 $a0086421 100 $a20020110d1988----km-y0itay0103----ba 101 $aita 102 $aIT 105 $a||||||||001yy 200 1 $aMeridiane$estoria, teoria, pratica$fRené R.J. Rohr$g[traduzione : International corner] 210 $aTorino$cUlisse$d1988 215 $a215 p$cill.$d28 cm 312 $aSonnnuhr 410 $12001 454 $12001$aSonnnuhr$941563 606 0 $aMeridiane$xSaggi 676 $a681.111 700 1$aROHR,$bRené R.J.$038240 801 0$aIT$bsalbc$gISBD 912 $a990000864210203316 951 $aII.6. 362 (VARIE 279)$b99534 LM$cVARIE 959 $aBK 969 $aUMA 979 $aPATTY$b90$c20020110$lUSA01$h1421 979 $c20020403$lUSA01$h1731 979 $aPATRY$b90$c20040406$lUSA01$h1659 979 $aCOPAT4$b90$c20050218$lUSA01$h1336 996 $aSonnnuhr$941563 997 $aUNISA